Southville International School and Colleges
Your cart is empty.
  • Cart
  • Lists
    Public lists list_1 View all
    Your lists Log in to create your own lists
  • Log in to your account
  • Your cookies
  • Search history
Southville International School and Colleges
  • Advanced search
  • Recent comments
  • Most popular
  • Libraries

Log in to your account

Log in with GOOGLE


If you do not have an external account, but do have a local account, you can still log in:

  1. Home
  2. MARC view: The DK nature encyclopedia.
Normal view MARC view ISBD view

The DK nature encyclopedia. (Record no. 112224)

[ view plain ]
MARC details
000 -LEADER
fixed length control field 00553nam a2200169 a 4500
005 - DATE AND TIME OF LATEST TRANSACTION
control field 20140414131931.0
008 - FIXED-LENGTH DATA ELEMENTS--GENERAL INFORMATION
fixed length control field 101207s19uu xx 00 eng d
050 ## - LIBRARY OF CONGRESS CALL NUMBER
Classification number REF 508
Item number D65 1998
245 ## - TITLE STATEMENT
Title The DK nature encyclopedia.
250 ## - EDITION STATEMENT
Edition statement 1st American ed.
260 ## - PUBLICATION, DISTRIBUTION, ETC. (IMPRINT)
Place of publication, distribution, etc New York :
Name of publisher, distributor, etc Dorling Kindersley,
Date of publication, distribution, etc 1998.
300 ## - PHYSICAL DESCRIPTION
Extent 304 p. : col. ill. ; 29 cm.
500 ## - GENERAL NOTE
General note Covers the processes and life forms of the natural world from A to Z
650 ## - SUBJECT ADDED ENTRY--TOPICAL TERM
Topical term or geographic name as entry element Nature
General subdivision Encyclopedias, Juvenile.
650 ## - SUBJECT ADDED ENTRY--TOPICAL TERM
Topical term or geographic name as entry element Natural history
General subdivision Encyclopedias.
Holdings
Withdrawn status Lost status Damaged status Home library Current library Shelving location Date acquired Total Checkouts Full call number Barcode Date last seen Price effective from Koha item type
      Munich Library Munich Library Reference Section 12/07/2010   REF 508 D65 1998 M3438 04/14/2014 04/14/2014 Books

The DK nature encyclopedia.

APA

(1998). The DK nature encyclopedia. New York: Dorling Kindersley.

Chicago

1998. The DK nature encyclopedia. New York: Dorling Kindersley.

Harvard

(1998). The DK nature encyclopedia. New York: Dorling Kindersley.

MLA

The DK nature encyclopedia. New York: Dorling Kindersley. 1998.

  • Place hold
  • Print
  • Cite
  • Add to your cart (remove)
  • Save record
    BIBTEX Dublin Core MARCXML MARC (non-Unicode/MARC-8) MARC (Unicode/UTF-8) MARC (Unicode/UTF-8, Standard) MODS (XML) RIS
  • More searches
    Search for this title in:
    Other Libraries (WorldCat) Other Databases (Google Scholar) Online Stores (Bookfinder.com) Open Library (openlibrary.org)

Exporting to Dublin Core...

SOUTHVILLE LIBRARY

Southville International School and Colleges Library

1281 Tropical Ave. Cor. Luxembourg St., BF Homes International, Las Pinas City

Tel. No. 8256374 / 252358 Loc. 117/146

Powered by Koha